Statistics for NBA 2022 best players from each team

Click here to take the quiz!

General Stats

  • This quiz has been taken 93 times
  • The average score is 22 of 30

Answer Stats

TeamPlayer% Correct
Boston CelticsJason Tatum
95%
Brooklyn NetsKevin Durant
95%
Philadelphia 76'ersJoel Embiid
94%
Milwaukee BucksGiannis Antetokounmpo
93%
Los Angeles LakersLebron James
93%
Golden State WarriorsStephen Curry
92%
Denver NuggetsNikola Jokic
90%
Miami HeatJimmy Butler
89%
Charlotte HornetsLamelo Ball
89%
Atlanta HawksTrae Young
89%
Dallas MavericksLuka Doncic
87%
Phoenix SunsDevin Booker
86%
Memphis GrizzliesJa Morant
86%
Toronto RaptorsPascal Siakam
81%
Chicago BullsDemar Derozan
80%
Minnesota TimberwolvesKarl Anthony Towns
79%
Utah JazzDonavan Mitchell
77%
New York KnicksJulius Randle
74%
Cleveland CavaliersDarius Garland
70%
Sacramento KingsDe'Aaron Fox
70%
Oklahoma City ThunderShai Gilgeous-Alexander
70%
New Orleans PelicansBrandon Ingram
67%
Detroit PistonsCade Cunningham
64%
Indiana PacersDomantas Sabonis
61%
San Antonio SpursDejounte Murray
56%
Washington WizardsKyle Kuzma
45%
Orlando MagicCole Anthony
40%
Los Angeles ClippersReggie Jackson
37%
Portland TrailblazersAnfree Simmons
36%
Houston RocketsChristian Wood
36%

Score Distribution

Percentile by Number Answered

Percent of People with Each Score

Your Score History

You have not taken this quiz